Williams Obstetrics (Record no. 9298)

MARC details
000 -LEADER
fixed length control field 00471nam a22001577a 4500
008 - FIXED-LENGTH DATA ELEMENTS--GENERAL INFORMATION
fixed length control field 230217b |||||||| |||| 00| 0 eng d
020 ## - INTERNATIONAL STANDARD BOOK NUMBER
International Standard Book Number 978-1-264-59843-4
082 ## - DEWEY DECIMAL CLASSIFICATION NUMBER
Edition number 26th ed
Classification number 618.2 CUN
100 ## - MAIN ENTRY--PERSONAL NAME
Personal name Cunningham, Leveno, Dashe, Hoffman, Spong and Casey
245 ## - TITLE STATEMENT
Title Williams Obstetrics
Statement of responsibility, etc. Cunningham, Leveno, Dashe, Hoffman, Spong and Casey
250 ## - EDITION STATEMENT
Edition statement 26th ed
260 ## - PUBLICATION, DISTRIBUTION, ETC.
Name of publisher, distributor, etc. McGraw Hill
Date of publication, distribution, etc. 2022
300 ## - PHYSICAL DESCRIPTION
Extent 1304 p.
Dimensions 28.7 cm
942 ## - Added entry Elements (Koha)
Source of classification or shelving scheme Dewey Decimal Classification
Holdings
Withdrawn status Lost status Source of classification or shelving scheme Damaged status Not for loan Collection code Home library Current library Shelving location Date acquired Serial Enumeration / chronology Full call number Barcode Date last seen Price effective from Koha item type
    Dewey Decimal Classification     Main TEST GELEPHU GELEPHU Main opac 17/02/2023 176953 618.2 CUN c.6 30018098 17/02/2023 17/02/2023 Main
    Dewey Decimal Classification     Main TEST GELEPHU GELEPHU Main opac 17/02/2023 176952 618.2 CUN c.5 30018084 17/02/2023 17/02/2023 Main
    Dewey Decimal Classification     Main TEST GELEPHU GELEPHU Main opac 17/02/2023 176951 618.2 CUN c.4 30018265 17/02/2023 17/02/2023 Main
    Dewey Decimal Classification     Main TEST GELEPHU GELEPHU Main opac 17/02/2023 176948 618.2 CUN c.1 30018295 17/02/2023 17/02/2023 Main
    Dewey Decimal Classification     Main TEST GELEPHU GELEPHU Main opac 17/02/2023 176950 618.2 CUN c.3 30018315 17/02/2023 17/02/2023 Main
    Dewey Decimal Classification     Main TEST GELEPHU GELEPHU Main opac 17/02/2023 176949 618.2 CUN c.2 30018218 17/02/2023 17/02/2023 Main
Royal Thimphu College || All Right Reserved